| 000 | 00458nam a2200169 a 4500 | ||
|---|---|---|---|
| 001 | 3184 | ||
| 005 | 20140414131928.0 | ||
| 008 | 060202s19uu xx 00 eng d | ||
| 020 | _a9781844224777 | ||
| 050 |
_aER _bIn2 2004 |
||
| 245 |
_aIncredibles, The / _cney Storybook Artist. |
||
| 260 |
_aNew York : _bpenguin Company, _cc2004. |
||
| 300 | _a45 p. ; cm. | ||
| 440 | _aDisney Pixar | ||
| 650 |
_aAdventures and adventurers _xFiction. |
||
| 999 |
_c112111 _d112111 |
||